[Event "POL-chT 2nd League"]
[Site "Ustron"]
[Date "2008.09.10"]
[Round "4.66"]
[White "Wesolowska, Edyta"]
[Black "Tekielak, Izabella"]
[Result "1-0"]
[WhiteElo "1943"]
[BlackElo "2091"]
[PlyCount "59"]
[EventDate "2008.09.06"]
[EventType "team-swiss"]
[EventRounds "9"]
[EventCountry "POL"]
[SourceTitle "EXT 2015"]
[Source "ChessBase"]
[SourceDate "2014.11.20"]
[SourceVersion "1"]
[SourceVersionDate "2014.11.20"]
[SourceQuality "1"]
[WhiteTeam "Bydgoszcz Chemik"]
[BlackTeam "Katowice Hetman Szopienice"]
[WhiteTeamCountry "POL"]
[BlackTeamCountry "POL"]

1. d4 Nf6 2. Nf3 g6 3. c4 Bg7 4. Nc3 d6 5. e4 0-0 6. Be2 e5 7. 0-0 Nc6 8. d5 Ne7 9. b4 a5 10. Ba3 axb4 11. Bxb4 Nd7 12. a4 h6 13. Nd2 f5 14. Qb3 Kh8 15. Qa3 Rf7 16. Nb3 b6 17. Nd2 Ng8 18. a5 Ngf6 19. Qb3 Nc5 20. Qb2 Rb8 21. Bxc5 dxc5 22. axb6 cxb6 23. Na4 Nd7 24. Qb5 Rb7 25. Nc3 Nf6 26. Ra8 Kh7 27. Rfa1 Qc7 28. Bd1 h5 29. Nf3 Bd7 30. Ng5+ 1-0

[Event "POL-chT 60th 1st League"]
[Site "Ustron"]
[Date "2004.09.09"]
[Round "6"]
[White "Michna, Marta"]
[Black "Tekielak, Izabella"]
[Result "1-0"]
[WhiteElo "2402"]
[BlackElo "2110"]
[PlyCount "79"]
[EventDate "2004.09.04"]
[EventType "team-tourn"]
[EventRounds "9"]
[EventCountry "POL"]
[SourceTitle "EXT 2007"]
[Source "ChessBase"]
[SourceDate "2006.11.23"]
[SourceVersion "1"]
[SourceVersionDate "2006.11.23"]
[SourceQuality "1"]
[WhiteTeam "Dankowice Pasjonat"]
[BlackTeam "Katowice Start"]
[WhiteTeamCountry "POL"]
[BlackTeamCountry "POL"]

1. b3 e5 2. Bb2 Nc6 3. e3 Nf6 4. d3 g6 5. Nd2 Bg7 6. g3 d6 7. Bg2 Be6 8. Ne2 Qd7 9. h3 d5 10. Nf3 Ng8 11. Ng5 Nge7 12. Nxe6 fxe6 13. Qd2 0-0 14. h4 h6 15. b4 Qd6 16. b5 Nd8 17. 0-0 Nf7 18. a4 Qd7 19. Rad1 a6 20. Qb4 Nd6 21. c4 axb5 22. axb5 c6 23. Ba3 Rfd8 24. Bh3 Kh7 25. Qxd6 Qxd6 26. Bxd6 Rxd6 27. c5 Rdd8 28. Bxe6 Ra5 29. Rb1 Nf5 30. bxc6 bxc6 31. Rb7 Rxc5 32. Ra1 Nd6 33. Re7 Re8 34. Rxe8 Nxe8 35. Ra8 Nf6 36. g4 Rc2 37. Ng3 Rd2 38. g5 hxg5 39. hxg5 Rxd3 40. gxf6 1-0

[Event "POL-chT 60th 1st League"]
[Site "Ustron"]
[Date "2004.09.08"]
[Round "5"]
[White "Wojciechowska, Aleksandra"]
[Black "Tekielak, Izabella"]
[Result "1-0"]
[WhiteElo "2021"]
[BlackElo "2110"]
[PlyCount "46"]
[EventDate "2004.09.04"]
[EventType "team-tourn"]
[EventRounds "9"]
[EventCountry "POL"]
[SourceTitle "EXT 2007"]
[Source "ChessBase"]
[SourceDate "2006.11.23"]
[SourceVersion "1"]
[SourceVersionDate "2006.11.23"]
[SourceQuality "1"]
[WhiteTeam "Gliwice Politechnika Slaska"]
[BlackTeam "Katowice Start"]
[WhiteTeamCountry "POL"]
[BlackTeamCountry "POL"]

1. e4 e5 2. Nf3 Nc6 3. d4 exd4 4. Nxd4 Bc5 5. Be3 Qf6 6. c3 Nge7 7. g3 d5 8. Bg2 Bxd4 9. cxd4 dxe4 10. Nc3 0-0 11. Nxe4 Qg6 12. 0-0 Bf5 13. Nc3 Rad8 14. Qb3 b6 15. d5 Na5 16. Qb4 c5 17. Bxc5 bxc5 18. Qxa5 Qh5 19. Qxc5 Ng6 20. d6 f6 21. f4 Nh8 22. Nd5 Nf7 23. Ne7+ Kh8 1-0

[Event "POL-chT 60th 1st League"]
[Site "Ustron"]
[Date "2004.09.04"]
[Round "1"]
[White "Guzik, Jolanta"]
[Black "Tekielak, Izabella"]
[Result "1-0"]
[WhiteElo "2104"]
[BlackElo "2110"]
[PlyCount "70"]
[EventDate "2004.09.04"]
[EventType "team-tourn"]
[EventRounds "9"]
[EventCountry "POL"]
[SourceTitle "EXT 2007"]
[Source "ChessBase"]
[SourceDate "2006.11.23"]
[SourceVersion "1"]
[SourceVersionDate "2006.11.23"]
[SourceQuality "1"]
[WhiteTeam "Jaworzno JKSz MCKiS"]
[BlackTeam "Katowice Start"]
[WhiteTeamCountry "POL"]
[BlackTeamCountry "POL"]

1. c4 e5 2. Nc3 Nc6 3. g3 d6 4. Bg2 g6 5. e3 Be6 6. d3 Qd7 7. Rb1 Bg7 8. b4 Nge7 9. Nd5 0-0 10. b5 Nd8 11. Nxe7+ Qxe7 12. Ne2 Qd7 13. 0-0 Bh3 14. a4 Bxg2 15. Kxg2 Ne6 16. f3 c6 17. Qc2 d5 18. Ba3 Rfd8 19. Rfd1 Rac8 20. Qb3 b6 21. e4 Ng5 22. Ng1 d4 23. bxc6 Rxc6 24. Qb5 Qc7 25. Be7 Ne6 26. Bxd8 Nxd8 27. a5 Ne6 28. axb6 axb6 29. Ra1 Bh6 30. Qa6 b5 31. Qxb5 Rb6 32. Qe8+ Kg7 33. Rdb1 Be3 34. Rxb6 Qxb6 35. Qb5 Qc7 1-0

[Event "POL-ch U18 Girls"]
[Site "Leba"]
[Date "2004.04.04"]
[Round "11"]
[White "Tekielak, Izabella"]
[Black "Kobak, Weronika"]
[Result "0-1"]
[WhiteElo "2154"]
[BlackElo "1900"]
[PlyCount "100"]
[EventDate "2004.03.27"]
[EventType "swiss"]
[EventRounds "11"]
[EventCountry "POL"]
[SourceTitle "EXT 2005"]
[Source "ChessBase"]
[SourceDate "2004.11.15"]
[SourceVersion "1"]
[SourceVersionDate "2004.11.15"]
[SourceQuality "1"]

1. e4 c5 2. Nc3 Nc6 3. g3 g6 4. Bg2 Bg7 5. d3 e6 6. Be3 d6 7. Qd2 a6 8. h4 h5 9. Nh3 Nh6 10. f3 Nd4 11. Nd1 Qc7 12. c3 Nc6 13. Nf4 Ne5 14. Nf2 Bd7 15. b3 Rc8 16. 0-0 Kf8 17. d4 cxd4 18. cxd4 Nc6 19. Rac1 Qd8 20. Ne2 d5 21. b4 Kg8 22. a3 Kh7 23. Rcd1 Ne7 24. g4 dxe4 25. gxh5 exf3 26. Bxf3 Nhf5 27. Ne4 Nxe3 28. Qxe3 Nf5 29. Ng5+ Kg8 30. Qf4 Bh6 31. Qg4 Ne3 32. Qg3 Nxf1 33. Rxf1 Bxg5 34. hxg5 gxh5 35. Bxb7 Rc2 36. Bxa6 Qb6 37. Bd3 Rc7 38. Qf4 Bc8 39. Qf6 Qd6 40. g6 fxg6 41. Bxg6 Qe7 42. Bf7+ Qxf7 43. Qd8+ Kh7 44. Rxf7+ Rxf7 45. Qh4 Rg8+ 46. Ng3 Rxg3+ 47. Qxg3 Rg7 48. Kf2 Rxg3 49. Kxg3 Kg6 50. a4 Kf5 0-1

[Event "POL-ch U18 Girls"]
[Site "Leba"]
[Date "2004.04.02"]
[Round "8"]
[White "Tekielak, Izabella"]
[Black "Zawadzka, Jolanta"]
[Result "1/2-1/2"]
[WhiteElo "2154"]
[BlackElo "2229"]
[PlyCount "73"]
[EventDate "2004.03.27"]
[EventType "swiss"]
[EventRounds "11"]
[EventCountry "POL"]
[SourceTitle "EXT 2005"]
[Source "ChessBase"]
[SourceDate "2004.11.15"]
[SourceVersion "1"]
[SourceVersionDate "2004.11.15"]
[SourceQuality "1"]

1. e4 c5 2. Nf3 Nc6 3. d4 cxd4 4. Nxd4 Nf6 5. Nc3 d6 6. f4 e5 7. Nf3 Be7 8. Bc4 Be6 9. Bb3 exf4 10. Bxf4 h6 11. 0-0 0-0 12. Kh1 Ng4 13. Nd5 Nge5 14. Qe1 Kh8 15. Rd1 Nxf3 16. gxf3 Bg5 17. Bg3 f5 18. h4 Bxd5 19. Bxd5 Be7 20. exf5 Rxf5 21. Qe4 Qf8 22. Rfe1 Ne5 23. Kg2 Re8 24. Bxb7 Nxf3 25. Bc6 Nxe1+ 26. Rxe1 Rc8 27. Bd7 Rf7 28. Bxc8 Qxc8 29. c4 Qc7 30. b4 Bf8 31. c5 Rf6 32. Qd5 a5 33. a3 axb4 34. axb4 Qb8 35. Re6 Rxe6 36. Qxe6 Qa8+ 37. Kh2 1/2-1/2

[Event "POL-ch U18 Girls"]
[Site "Leba"]
[Date "2004.03.29"]
[Round "4"]
[White "Dutka, Justyna"]
[Black "Tekielak, Izabella"]
[Result "1/2-1/2"]
[WhiteElo "2009"]
[BlackElo "2154"]
[PlyCount "80"]
[EventDate "2004.03.27"]
[EventType "swiss"]
[EventRounds "11"]
[EventCountry "POL"]
[SourceTitle "EXT 2005"]
[Source "ChessBase"]
[SourceDate "2004.11.15"]
[SourceVersion "1"]
[SourceVersionDate "2004.11.15"]
[SourceQuality "1"]

1. d4 d5 2. e3 Nf6 3. c4 e6 4. Nf3 a6 5. Bd3 dxc4 6. Bxc4 c5 7. 0-0 Qc7 8. b3 b5 9. Bd3 Bb7 10. Nbd2 Nc6 11. Bb2 cxd4 12. Nxd4 Bd6 13. h3 Ne5 14. N2f3 Nxd3 15. Qxd3 0-0 16. Rac1 Qd7 17. Rfd1 Rfd8 18. Qe2 Rac8 19. Nc2 Qe7 20. Ne5 Rc5 21. Nf3 Rcc8 22. Ne5 h6 23. Ne1 Ne4 24. Qg4 f6 25. Rxc8 Rxc8 26. Ng6 Qf7 27. Nf4 f5 28. Qg6 Bxf4 29. Qxf7+ Kxf7 30. Rd7+ Kf8 31. exf4 Bd5 32. Rxg7 Nc3 33. Rh7 Kg8 34. Ra7 Nxa2 35. Rxa6 Bxb3 36. Rb6 Bc4 37. Rb7 Rd8 38. Nf3 Nb4 39. Ne5 Nd3 40. Nxd3 Rxd3 1/2-1/2

[Event "POL-ch U18 Girls"]
[Site "Leba"]
[Date "2004.03.29"]
[Round "3"]
[White "Tekielak, Izabella"]
[Black "Tomczyk, Anna"]
[Result "1-0"]
[WhiteElo "2154"]
[BlackElo "1965"]
[PlyCount "31"]
[EventDate "2004.03.27"]
[EventType "swiss"]
[EventRounds "11"]
[EventCountry "POL"]
[SourceTitle "EXT 2005"]
[Source "ChessBase"]
[SourceDate "2004.11.15"]
[SourceVersion "1"]
[SourceVersionDate "2004.11.15"]
[SourceQuality "1"]

1. e4 c5 2. Nc3 Nc6 3. f4 g6 4. Nf3 Bg7 5. Bb5 e6 6. 0-0 Nge7 7. d3 0-0 8. Bxc6 Nxc6 9. f5 d5 10. fxg6 hxg6 11. Rb1 d4 12. Ne2 e5 13. Qe1 Be6 14. Ng5 Bf6 15. Qh4 Bxg5 16. Bxg5 1-0

[Event "POL-ch U18 Girls"]
[Site "Leba"]
[Date "2004.03.27"]
[Round "1"]
[White "Tekielak, Izabella"]
[Black "Domagala, Hanna"]
[Result "1-0"]
[WhiteElo "2154"]
[BlackElo "1948"]
[PlyCount "77"]
[EventDate "2004.03.27"]
[EventType "swiss"]
[EventRounds "11"]
[EventCountry "POL"]
[SourceTitle "EXT 2005"]
[Source "ChessBase"]
[SourceDate "2004.11.15"]
[SourceVersion "1"]
[SourceVersionDate "2004.11.15"]
[SourceQuality "1"]

1. e4 d5 2. exd5 Nf6 3. d4 Nxd5 4. c4 Nb6 5. Nc3 e5 6. Nf3 exd4 7. Nxd4 Bc5 8. Be3 c6 9. Be2 0-0 10. 0-0 Re8 11. Qd2 N8d7 12. Rad1 Ne5 13. b3 Bg4 14. f3 Bd7 15. Ne4 Bxd4 16. Bxd4 Bf5 17. Qf4 Bxe4 18. Bxe5 Bd5 19. Rfe1 Qe7 20. Bd6 Qe6 21. Bc5 Rad8 22. Bxb6 axb6 23. cxd5 Rxd5 24. Bc4 Rxd1 25. Rxd1 Qe7 26. a4 h6 27. h3 b5 28. axb5 cxb5 29. Bd5 b6 30. Rc1 g5 31. Qe4 Qf8 32. Qg6+ Kh8 33. Qxf7 Qxf7 34. Bxf7 Re7 35. Bd5 Rd7 36. Be4 Rd6 37. Kf1 Kg7 38. Ke2 Kf6 39. Rc6 1-0

[Event "POL-chT 2nd League"]
[Site "Wysowa"]
[Date "2003.09.13"]
[Round "10"]
[White "Kucypera, Malgorzata"]
[Black "Tekielak, Izabella"]
[Result "1-0"]
[WhiteElo "2042"]
[BlackElo "2131"]
[PlyCount "79"]
[EventDate "2003.09.06"]
[EventType "team-swiss"]
[EventRounds "11"]
[EventCountry "POL"]
[SourceTitle "CBM 096 Extra"]
[Source "ChessBase"]
[SourceDate "2003.10.22"]
[SourceVersion "2"]
[SourceVersionDate "2003.10.20"]
[SourceQuality "1"]
[WhiteTeam "Ostroda Kormoran"]
[BlackTeam "Katowice Start"]
[WhiteTeamCountry "POL"]
[BlackTeamCountry "POL"]

1. e4 e5 2. Nf3 Nc6 3. d4 exd4 4. c3 d5 5. exd5 Qxd5 6. cxd4 Bb4+ 7. Nc3 Nf6 8. Be2 0-0 9. 0-0 Bxc3 10. bxc3 Na5 11. Ne5 Bf5 12. Ba3 Rfe8 13. Bb4 b6 14. Qa4 c5 15. Ba3 Rad8 16. Bb5 Re6 17. Rfd1 Red6 18. f3 h6 19. Re1 Re6 20. Red1 Qa8 21. Bxc5 bxc5 22. Qxa5 cxd4 23. Bc4 Re7 24. Nc6 Qxc6 25. Qxd8+ Re8 26. Qxd4 Rc8 27. Bb3 Qxc3 28. Qxa7 Rc7 29. Qb8+ Rc8 30. Qf4 Qa5 31. Re1 Bg6 32. Kh1 Rc5 33. Re7 Qb6 34. Qd2 Nh5 35. Qe3 Qb4 36. Rd1 Qb5 37. a4 Qc6 38. Qd2 Rc3 39. Qd8+ Kh7 40. Re8 1-0

[Event "POL-chT U19 35th"]
[Site "Koszalin"]
[Date "2003.07.11"]
[Round "9.29"]
[White "Socha, Anna"]
[Black "Tekielak, Izabella"]
[Result "1-0"]
[WhiteElo "2126"]
[BlackElo "2131"]
[PlyCount "119"]
[EventDate "2003.07.04"]
[EventType "team-tourn"]
[EventRounds "11"]
[EventCountry "POL"]
[SourceTitle "EXT 2019"]
[Source "ChessBase"]
[SourceDate "2018.10.10"]
[SourceVersion "1"]
[SourceVersionDate "2018.10.10"]
[SourceQuality "1"]
[WhiteTeam "Legnica Miedz U19"]
[BlackTeam "Katowice Start U19"]
[WhiteTeamCountry "POL"]
[BlackTeamCountry "POL"]

1. e4 e5 2. Nf3 Nc6 3. Bc4 Bc5 4. c3 Nf6 5. d4 exd4 6. cxd4 Bb4+ 7. Nc3 Nxe4 8. 0-0 Bxc3 9. d5 Bf6 10. Re1 0-0 11. Rxe4 Ne7 12. d6 Ng6 13. Qe2 b5 14. Bxf7+ Rxf7 15. Re8+ Qxe8 16. Qxe8+ Rf8 17. Qe4 Rb8 18. dxc7 Rb7 19. Qc2 Ne5 20. Ng5 Bxg5 21. Bxg5 Nc6 22. Qb3+ Kh8 23. Qg3 Nd4 24. Re1 Ne6 25. Be7 Rg8 26. Bd6 Rb6 27. Re4 Bb7 28. Rh4 Rc6 29. h3 Rc4 30. Rxc4 bxc4 31. Qc3 h6 32. Qxc4 a6 33. Qa4 Bc8 34. b4 Nd4 35. Qd1 Nc6 36. a4 Re8 37. Qd2 Re4 38. b5 axb5 39. axb5 Nd4 40. Qa5 Bb7 41. Qa7 Nxb5 42. Qxb7 Re1+ 43. Kh2 Nxd6 44. c8Q+ Nxc8 45. Qxc8+ Kh7 46. Qxd7 Re5 47. f4 Re3 48. f5 Kg8 49. Qd5+ Kf8 50. Qc5+ Re7 51. Kg3 Kf7 52. Kf4 Ke8 53. g4 Rf7 54. h4 Re7 55. g5 hxg5+ 56. hxg5 Rf7 57. Qc8+ Ke7 58. Qe6+ Kf8 59. Qd6+ Ke8 60. f6 1-0

[Event "POL-chT U19 35th"]
[Site "Koszalin"]
[Date "2003.07.07"]
[Round "3.11"]
[White "Pokojska, Daria"]
[Black "Tekielak, Izabella"]
[Result "1/2-1/2"]
[WhiteElo "2168"]
[BlackElo "2131"]
[PlyCount "32"]
[EventDate "2003.07.04"]
[EventType "team-tourn"]
[EventRounds "11"]
[EventCountry "POL"]
[SourceTitle "EXT 2019"]
[Source "ChessBase"]
[SourceDate "2018.10.10"]
[SourceVersion "1"]
[SourceVersionDate "2018.10.10"]
[SourceQuality "1"]
[WhiteTeam "Czarna Czarnovia U19"]
[BlackTeam "Katowice Start U19"]
[WhiteTeamCountry "POL"]
[BlackTeamCountry "POL"]

1. c4 e5 2. Nc3 Nc6 3. g3 g6 4. Bg2 Bg7 5. Rb1 a5 6. a3 Nf6 7. b4 axb4 8. axb4 0-0 9. b5 Nd4 10. e3 Ne6 11. Nge2 d6 12. 0-0 Nh5 13. d3 f5 14. f4 Nf6 15. Nd5 h5 16. Nxf6+ Bxf6 1/2-1/2

[Event "POL-ch U18 Girls"]
[Site "Krynica"]
[Date "2003.??.??"]
[Round "11"]
[White "Czarnota, Dorota"]
[Black "Tekielak, Izabella"]
[Result "0-1"]
[WhiteElo "2190"]
[BlackElo "2105"]
[PlyCount "148"]
[EventDate "2003.??.??"]
[EventType "swiss"]
[EventRounds "11"]
[EventCountry "POL"]
[SourceTitle "EXT 2007"]
[Source "ChessBase"]
[SourceDate "2006.11.23"]
[SourceVersion "1"]
[SourceVersionDate "2006.11.23"]
[SourceQuality "1"]

1. e4 e5 2. Nf3 Nf6 3. Nxe5 d6 4. Nf3 Nxe4 5. d4 d5 6. Bd3 Bd6 7. 0-0 0-0 8. c4 c6 9. Re1 Re8 10. Nc3 Nxc3 11. bxc3 Bg4 12. Be3 Nd7 13. Rb1 Rb8 14. h3 Bh5 15. c5 Bc7 16. g4 Bg6 17. Bxg6 hxg6 18. Qd2 b6 19. Rb3 bxc5 20. dxc5 Qf6 21. Kg2 Ne5 22. Qd1 Rxb3 23. axb3 Nxf3 24. Qxf3 Qxc3 25. Bd2 Qxf3+ 26. Kxf3 Rxe1 27. Bxe1 Be5 28. Ke3 Kf8 29. f4 Bb2 30. Bd2 Ke7 31. Kd3 Ke6 32. b4 a6 33. Be3 Bf6 34. Bf2 g5 35. f5+ Ke7 36. Be3 Kf8 37. Bc1 Kg8 38. Bd2 Kh7 39. Be3 g6 40. fxg6+ Kxg6 41. Bd2 Be5 42. Be1 f5 43. Bd2 Kf6 44. Be1 Bb2 45. gxf5 Kxf5 46. Bd2 Be5 47. Be3 Bg3 48. Bd2 Kg6 49. Ke2 Bf4 50. Be1 Kf5 51. Kd3 Bc7 52. Bd2 Bg3 53. Kd4 Bh4 54. Ke3 Bg3 55. Kd3 Bf4 56. Be1 Bc1 57. Kc2 Be3 58. Kd3 Kf4 59. Bc3 Kf3 60. Bf6 Bf4 61. h4 g4 62. h5 g3 63. Bd4 Kg4 64. Ke2 Kxh5 65. Kf3 Kg5 66. Bc3 Kf5 67. Be1 Be5 68. Bd2 Kg6 69. Be1 Kh5 70. Bd2 d4 71. Be1 Kg5 72. Ke4 Kg4 73. Kxe5 g2 74. Bf2 d3 0-1

[Event "POL-ch sf U20 Girls"]
[Site "Poraj"]
[Date "2003.??.??"]
[Round "5"]
[White "Korosciel, Aneta"]
[Black "Tekielak, Izabella"]
[Result "0-1"]
[WhiteElo "2064"]
[BlackElo "2107"]
[PlyCount "50"]
[EventDate "2003.??.??"]
[EventType "swiss"]
[EventRounds "9"]
[EventCountry "POL"]
[SourceTitle "EXT 2005"]
[Source "ChessBase"]
[SourceDate "2004.11.15"]
[SourceVersion "1"]
[SourceVersionDate "2004.11.15"]
[SourceQuality "1"]

1. e4 e5 2. Nf3 Nc6 3. Bb5 Nf6 4. 0-0 Bc5 5. c3 0-0 6. d4 Bb6 7. Bg5 h6 8. Bh4 d6 9. a4 a5 10. Re1 g5 11. Bg3 Bg4 12. Bxc6 bxc6 13. dxe5 Nh5 14. exd6 Nxg3 15. hxg3 cxd6 16. Nbd2 Rb8 17. Qc2 Qf6 18. e5 dxe5 19. Rxe5 Rfe8 20. Qe4 Be6 21. Qxc6 g4 22. Ne4 Qg7 23. Nd6 gxf3 24. Nxe8 Qxe5 25. Qd6 Bxf2+ 0-1

[Event "POL-ch sf U20 Girls"]
[Site "Poraj"]
[Date "2003.??.??"]
[Round "9"]
[White "Tekielak, Izabella"]
[Black "Majdan, Joanna"]
[Result "0-1"]
[WhiteElo "2107"]
[BlackElo "2170"]
[PlyCount "66"]
[EventDate "2003.??.??"]
[EventType "swiss"]
[EventRounds "9"]
[EventCountry "POL"]
[SourceTitle "EXT 2005"]
[Source "ChessBase"]
[SourceDate "2004.11.15"]
[SourceVersion "1"]
[SourceVersionDate "2004.11.15"]
[SourceQuality "1"]

1. e4 c5 2. Nf3 g6 3. c3 Bg7 4. d4 cxd4 5. cxd4 d5 6. e5 Bg4 7. Nc3 Nc6 8. Bb5 a6 9. Bxc6+ bxc6 10. Qa4 Bd7 11. Qa3 Nh6 12. Na4 0-0 13. Nc5 f6 14. Bf4 g5 15. Bd2 Bg4 16. h4 fxe5 17. Nxe5 Bxe5 18. dxe5 Nf5 19. f3 Ng3 20. Rg1 Bh5 21. hxg5 Qb8 22. Nd3 Bg6 23. f4 Qb5 24. Nc1 Ne4 25. g3 Rab8 26. Nb3 Qd3 27. Rg2 Qf3 28. Nd4 Qxg2 29. 0-0-0 Nf2 30. f5 Nxd1 31. fxg6 Nxb2 32. gxh7+ Kh8 33. Qe3 Nc4 0-1

[Event "POL-ch U18 Girls"]
[Site "Krynica"]
[Date "2003.??.??"]
[Round "3"]
[White "Tekielak, Izabella"]
[Black "Sieradzka, Anna"]
[Result "1-0"]
[WhiteElo "2105"]
[BlackElo "1800"]
[PlyCount "143"]
[EventDate "2003.??.??"]
[EventType "swiss"]
[EventRounds "11"]
[EventCountry "POL"]
[SourceTitle "EXT 2007"]
[Source "ChessBase"]
[SourceDate "2006.11.23"]
[SourceVersion "1"]
[SourceVersionDate "2006.11.23"]
[SourceQuality "1"]

1. e4 e6 2. d4 d5 3. e5 c5 4. c3 Nc6 5. Nf3 Qb6 6. a3 a6 7. b4 c4 8. Be2 Nge7 9. 0-0 Ng6 10. Qc2 Be7 11. Bd1 Bd7 12. Nbd2 f6 13. Re1 Qc7 14. exf6 Bxf6 15. Nf1 0-0 16. Ne3 Rae8 17. Qd2 Qd6 18. a4 Nh4 19. Ng4 Nxf3+ 20. Bxf3 Ne7 21. h3 Ng6 22. Nxf6+ Rxf6 23. Qd1 Nf4 24. Bxf4 Qxf4 25. Qc1 Qh4 26. Re5 Ref8 27. Rh5 Qf4 28. Qxf4 Rxf4 29. Re5 R8f5 30. Rae1 Rxe5 31. Rxe5 Bxa4 32. Rxe6 Bc6 33. Rd6 Rf5 34. Bg4 Rf6 35. Rd8+ Kf7 36. Kf1 Ke7 37. Rb8 Rf8 38. Rxf8 Kxf8 39. Bc8 Ke8 40. Ke2 Kd8 41. Bf5 h6 42. Kd2 b6 43. Kc2 a5 44. bxa5 bxa5 45. g3 a4 46. Kb2 Ke7 47. Ka3 Kf6 48. Bc2 Bd7 49. h4 g5 50. hxg5+ hxg5 51. f3 Bh3 52. g4 Bg2 53. Bd1 Ke6 54. Kxa4 Kd6 55. Ka3 Ke6 56. Be2 Kd6 57. Kb2 Kc6 58. Kc1 Kb5 59. Bd1 Bf1 60. Kd2 Kc6 61. Be2 Bh3 62. Ke1 Kb5 63. Bd1 Ka5 64. Ke2 Kb5 65. Kf2 Ka5 66. Kg3 Bf1 67. f4 gxf4+ 68. Kxf4 Bd3 69. Ke5 Be4 70. Kf6 Bf3 71. Bxf3 Ka4 72. Bxd5 1-0

[Event "POL-ch sf (Women)"]
[Site "Lubniewice"]
[Date "2002.12.06"]
[Round "7"]
[White "Tekielak, Izabella"]
[Black "Jackowska, Aleksandra"]
[Result "1/2-1/2"]
[WhiteElo "2109"]
[BlackElo "2015"]
[PlyCount "62"]
[EventDate "2002.11.30"]
[EventType "swiss"]
[EventRounds "9"]
[EventCountry "POL"]
[SourceTitle "CBM 091 Extra"]
[Source "ChessBase"]
[SourceDate "2003.01.09"]
[SourceVersion "1"]
[SourceVersionDate "2003.01.09"]
[SourceQuality "1"]

1. e4 c6 2. d4 d5 3. Nd2 dxe4 4. Nxe4 Nd7 5. Nf3 Ngf6 6. Ng3 e6 7. Bd3 c5 8. 0-0 Be7 9. Qe2 0-0 10. c3 Qc7 11. Re1 Re8 12. Ne5 Nf8 13. Nh5 Ng6 14. Nxg6 hxg6 15. Nxf6+ Bxf6 16. dxc5 Qxc5 17. Be3 Qc7 18. Bb5 Rd8 19. Rad1 Bd7 20. Bxd7 Rxd7 21. Rxd7 Qxd7 22. Rd1 Qc6 23. g3 a6 24. Bd4 Rd8 25. Bxf6 Rxd1+ 26. Qxd1 gxf6 27. Qd3 Kg7 28. c4 Qb6 29. b3 Qb4 30. h3 Qa5 31. Qf3 Qb6 1/2-1/2

[Event "POL-ch sf (Women)"]
[Site "Lubniewice"]
[Date "2002.12.05"]
[Round "6"]
[White "Krupa, Monika"]
[Black "Tekielak, Izabella"]
[Result "1-0"]
[WhiteElo "2248"]
[BlackElo "2109"]
[PlyCount "67"]
[EventDate "2002.11.30"]
[EventType "swiss"]
[EventRounds "9"]
[EventCountry "POL"]
[SourceTitle "CBM 091 Extra"]
[Source "ChessBase"]
[SourceDate "2003.01.09"]
[SourceVersion "1"]
[SourceVersionDate "2003.01.09"]
[SourceQuality "1"]

1. c4 e5 2. Nc3 Nc6 3. e3 g6 4. d4 d6 5. Nf3 Bg7 6. Be2 Nge7 7. d5 Nb8 8. e4 Nd7 9. h4 Nf6 10. Nh2 Bd7 11. h5 h6 12. hxg6 Nxg6 13. g3 Qe7 14. Be3 a6 15. Ng4 Ng8 16. Rh5 Qf8 17. Qc2 b6 18. 0-0-0 N6e7 19. f4 exf4 20. Bxf4 f5 21. Nf2 Kd8 22. Rh2 Kc8 23. Bf3 Ng6 24. Nd3 Kb7 25. c5 bxc5 26. e5 Nxe5 27. Bxe5 Bxe5 28. Nxe5 dxe5 29. d6+ e4 30. Nxe4 fxe4 31. Bxe4+ c6 32. Qxc5 a5 33. Qb5+ Kc8 34. Bxc6 1-0

[Event "POL-chT U19 33rd"]
[Site "Laczna"]
[Date "2002.07.21"]
[Round "9"]
[White "Szymanska, Maria"]
[Black "Tekielak, Izabella"]
[Result "1-0"]
[WhiteElo "2094"]
[BlackElo "2083"]
[PlyCount "91"]
[EventDate "2002.07.15"]
[EventType "team-tourn"]
[EventRounds "11"]
[EventCountry "POL"]
[SourceTitle "CBM 089 Extra"]
[Source "ChessBase"]
[SourceDate "2002.09.10"]
[SourceVersion "2"]
[SourceVersionDate "2002.09.10"]
[SourceQuality "1"]
[WhiteTeam "Suwalki Hancza U19"]
[BlackTeam "Katowice Start U19"]
[WhiteTeamCountry "POL"]
[BlackTeamCountry "POL"]

1. e4 e6 2. d4 d5 3. e5 c5 4. c3 Qb6 5. Nf3 Nc6 6. a3 Bd7 7. b4 cxd4 8. cxd4 Rc8 9. Be3 Nh6 10. Bd3 Ng4 11. 0-0 Be7 12. Qe2 Nxe3 13. fxe3 0-0 14. Nbd2 f6 15. b5 Na5 16. Kh1 Rc3 17. exf6 Bxf6 18. a4 g6 19. Ne5 Qc7 20. Ndf3 Nb3 21. Rad1 Nc1 22. Qd2 Nxd3 23. Nxd3 Rc2 24. Qb4 Rc4 25. Qb3 Qa5 26. Nfe5 Rc3 27. Qb2 Be8 28. Ng4 Bg7 29. Rxf8+ Kxf8 30. Nc5 Bf7 31. Qf2 Kg8 32. Rf1 Qc7 33. Qd2 Rc4 34. h3 e5 35. Nf6+ Bxf6 36. Rxf6 exd4 37. exd4 b6 38. Nb3 Rxa4 39. Rf1 Rc4 40. Qf2 Rc2 41. Qf6 Re2 42. Nc1 Re6 43. Qf2 Qe7 44. Nd3 Be8 45. Nf4 Qf6 46. Nxe6 1-0